000 00774nam a2200217 a 4500
001 000004531
005 20200929151443.0
008 090723s2006 sp a 001 0 spa d
020 _a8496515281
040 _aDO-SdBNP
_bspa
_cBNPHU
082 _axxx
_bP769t
245 0 3 _aLa política de transporte europea :
_bel papel del análisis económico /
_cGinés de Rus Mendoza, director.
260 _aBilbao, España :
_bFundación BBVA,
_c2006.
300 _a329 P. :
_bil. ;
_c24 cm.
490 1 _aArte Gráfico Contemporáneo
500 _aIncluye índice
500 _aIncluye notas al pie de páginas
504 _aIncluye referencias bibliográficas al final de los capítulos
700 1 _aRus Mendoza, Ginés de
_913233
830 0 _aArte Gráfico Contemporáneo
_913234
999 _c4340
_d4340